Osotua Ng'ejuk : 1 Olaitoriani o Olaitop (Record no. 43771)
[ view plain ]
| 000 -LEADER | |
|---|---|
| fixed length control field | 00493nam a22001691a 4500 |
| 020 ## - INTERNATIONAL STANDARD BOOK NUMBER | |
| Terms of availability | 0.00 |
| 040 ## - CATALOGING SOURCE | |
| Original cataloging agency | NEGST Library - Kenya |
| 050 ## - LIBRARY OF CONGRESS CALL NUMBER | |
| Classification number | BS 325.M38 1970 |
| 100 ## - MAIN ENTRY--PERSONAL NAME | |
| Personal name | Hohenberger, Johannes |
| 245 ## - TITLE STATEMENT | |
| Title | Osotua Ng'ejuk : 1 Olaitoriani o Olaitop |
| Medium | [Text] |
| 260 ## - PUBLICATION, DISTRIBUTION, ETC. (IMPRINT) | |
| Name of publisher, distributor, etc | Evangelical Lutheran Ch |
| Date of publication, distribution, etc | 1970 |
| 300 ## - PHYSICAL DESCRIPTION | |
| Extent | 439 p.; |
| 500 ## - GENERAL NOTE | |
| General note | [Africana] |
| 600 ## - SUBJECT ADDED ENTRY--PERSONAL NAME | |
| Personal name | Bible. N. T. Maasai - Texts |
| 852 ## - LOCATION/CALL NUMBER | |
| -- | 35.00 |
| Withdrawn status | Lost status | Source of classification or shelving scheme | Damaged status | Not for loan | Collection code | Home library | Current library | Shelving location | Date acquired | Cost, normal purchase price | Total Checkouts | Full call number | Barcode | Date last seen | Date checked out | Copy number | Price effective from | Koha item type |
|---|---|---|---|---|---|---|---|---|---|---|---|---|---|---|---|---|---|---|
| Library of Congress Classification | Special Collection | AIU/NEGST - Tony Wilmot Memorial Library | AIU/NEGST - Tony Wilmot Memorial Library | Special Collection | 02/18/2010 | 35.00 | 1 | S BS 325.M38 1970 | R36637M3232 | 10/30/2019 | 10/26/2019 | 1 | 02/18/2010 | Africana Collection (Special) |
